№ 68; vitamin de

Detaylı Bibliyografya
Parent link:vitamin de: Das deutsche Jugendjournal. № 68.— , 2010-
Dil:Almanca
Baskı/Yayın Bilgisi: 2016
Materyal Türü: MixedMaterials Kitap
KOHA link:https://koha.lib.tpu.ru/cgi-bin/koha/opac-detail.pl?biblionumber=559843

MARC

LEADER 00000nam2a2200000 4500
001 559843
005 20231101122648.0
035 |a (RuTPU)RU\TPU\prd\254801 
090 |a 559843 
100 |a 20160401a20109999k y0rusy50 ba 
101 0 |a ger 
102 |a RU 
200 0 |a № 68 
210 |d 2016 
461 1 |0 (RuTPU)RU\TPU\prd\80277  |t vitamin de  |o Das deutsche Jugendjournal  |v № 68  |d 2010- 
801 0 |a RU  |b 63413507  |c 20010227  |g PSBO 
801 1 |a RU  |b 63413507  |c 20160401 
801 2 |a RU  |b 63413507  |c 20160401  |g RCR 
942 |c BK 
999 |a НТБ_ТПУ  |b ЧЗИЛ  |e -1/20160111  |p П-9463  |s 6/20151117  |u 0,00  |v 1  |y 13821000794681